000 00548nam a2200205Ia 4500
003 OSt
005 20220926045321.0
006 a|||||r|||| 00| 0
007 ta
008 220923b |||||||| |||| 00| 0 eng d
037 _cGeneral Book
040 _aRTL
_cRTL
_beng
041 _2eng
_aeng
082 _aX:75.2.N7, L5;L7
100 _aCharanD W
_9350076
245 0 _aSome Problems Of Indians Economic Policy
_b Selected
260 _c1977
942 _hX:75.2.N7, L5;L7
_cGB
_2CC
999 _c677299
_d677299